000 00748nam a2200229 i 4500
001 181933
003 ES-MaACL
005 20231223063121.0
008 130507s2011 sp | |||||||| | spa d
020 _a978-84-9941-500-0
080 _a821.134.2-31"19"
100 1 _aLópez, Elsa,
_d1943-
_973324
245 1 4 _aUna gasa delante de mis ojos /
_cElsa López.
250 _a2ª ed. en Ediciones Idea.
260 _aSanta Cruz de Tenerife ;
_aLas Palmas de Gran Canaria :
_bIdea,
_c2011.
300 _a238 p. ;
_c19 cm.
490 1 _aNarrativas
830 0 _aNarrativas
_9177892
852 _aES-MaACL
_jA-12638
_9188841
_bR.148701
_cDEPO1
_dOlim: N-5639
_xDonación: Elsa López
942 _2udc
_cMONOGRAFIA
999 _c181933
_d181933